Grammaire éthiopienne /

Bibliographic Details
Main Author: Chaîne, Marius, 1873-1960
Format: Book
Language:French
Published: Beyrouth : Imprimerie catholique, 1907.
Subjects:

MARC

Tag First Indicator Second Indicator Subfields
LEADER 00000cam a2200000 4500
001 in00000014620
005 20151007052244.0
008 810603s1907 le b 00110 fre
010 |a  34000518  
035 |a (OCoLC)07473283 
035 |9 AAA6993AM 
040 |a DLC  |c SER  |d TXA  |d UtOrBLW 
049 |a TXAM  |c [A11047436] 
050 0 0 |a PJ9023  |b .C5 
082 0 |a 492.8 
100 1 |a Chaîne, Marius,  |d 1873-1960. 
245 1 0 |a Grammaire éthiopienne /  |c M. Chaîne S.J. 
264 1 |a Beyrouth :  |b Imprimerie catholique,  |c 1907. 
300 |a ix, 308 pages ;  |c 22 cm. 
336 |a text  |b txt  |2 rdacontent 
337 |a unmediated  |b n  |2 rdamedia 
338 |a volume  |b nc  |2 rdacarrier 
504 |a "Appendice bibliographique": pages 267-272. 
500 |a Includes index. 
650 0 |a Ethiopic language  |x Grammar. 
999 |a MARS 
999 f f |s 9a8eb95a-a62b-31fd-be71-5c09567b5cbc  |i ff0bf808-09de-32d0-aff3-afb056f5c14b  |t 0 
952 f f |p ric  |a Texas A&M University  |b Rellis Campus  |c Joint Library Facility  |s JLF  |d Remote Storage  |t 0  |e PJ9023 .C5  |h Library of Congress classification  |i unmediated -- volume  |m A14811047436 
998 f f |a PJ9023 .C5  |t 0  |l Remote Storage